000 00458nam a2200181Ia 4500
001 5168
003 IN-NITTTR
005 20251114233006.0
008 251113s9999||||xx |||||||||||||| ||eng||
040 _beng
040 _cIN-NITTTR
041 _aeng
082 _a371.3 P334T
100 _aPeck, Matilda J.
245 0 _aTeaching Ideas That Make Learning Fun. /
_cPeck, Matilda J., Schultz, Morton J.
700 _a Schultz, Morton J.
942 _2ddc
_cBK
999 _c7804
_d7804